[Event "European Blitz 2015"]
[Site "Minsk BLR"]
[Date "2015.12.18"]
[Round "3.14"]
[White "Kolesnik, Eduard"]
[Black "Movsesian, Sergei"]
[Result "0-1"]
[WhiteTitle "IM"]
[BlackTitle "GM"]
[WhiteElo "2269"]
[BlackElo "2659"]
[WhiteFideId "13501062"]
[BlackFideId "310204"]
[EventDate "2015.12.18"]
[EventType "swiss (blitz)"]

1. e4 c5 2. Nf3 e6 3. d4 cxd4 4. Nxd4 Nc6 5. Nc3 Qc7 6. Be3 a6 7. Qd2 Nf6 8.
O-O-O Be7 9. f4 b5 10. Bd3 b4 11. Nce2 Bb7 12. Ng3 h5 13. e5 Nd5 14. Ne4 Rc8 15.
Kb1 Na5 16. Rhe1 Nc4 17. Bxc4 Qxc4 18. Qd3 Qxd3 19. cxd3 f5 20. exf6 gxf6 21. f5
e5 22. Nb3 Nxe3 23. Rxe3 d5 24. Ned2 Kf7 25. d4 e4 26. Na5 Ba8 27. Ndb3 Bd6 28.
g3 h4 29. Rc1 Rxc1+ 30. Nxc1 Bc7 31. Nab3 Bb7 32. Nc5 Bc8 33. g4 Bxh2 34. Rh3
Bf4 35. Ne2 Bg5 36. a3 bxa3 37. bxa3 Ke7 38. Kc2 Bd7 39. Nc1 Bb5 40. a4 Bf1 41.
Rh1 Bg2 42. Rh2 h3 43. Ne2 Bf3 44. Ng1 Bxg4 45. Nxa6 Bf4 0-1

[Event "European Blitz 2015"]
[Site "Minsk BLR"]
[Date "2015.12.18"]
[Round "3.15"]
[White "Short, Nigel D"]
[Black "Nikitenko, Mihail"]
[Result "1-0"]
[WhiteTitle "GM"]
[WhiteElo "2684"]
[BlackElo "2396"]
[WhiteFideId "400025"]
[BlackFideId "13506862"]
[EventDate "2015.12.18"]
[EventType "swiss (blitz)"]

1. e4 c5 2. b3 e6 3. Bb2 Nc6 4. Nf3 Nge7 5. d4 cxd4 6. Nxd4 Nxd4 7. Qxd4 Nc6 8.
Qe3 Bb4+ 9. Nc3 Qe7 10. Be2 O-O 11. O-O a6 12. Rad1 b5 13. Qg3 f6 14. Kh1 Ne5
15. f4 Nf7 16. Bd3 Bb7 17. Ne2 d5 18. e5 f5 19. Nd4 Rac8 20. Bxf5 Nd8 21. Bg4
Bc5 22. f5 Bxd4 23. Bxd4 exf5 24. Bxf5 Ne6 25. c3 Rce8 26. Bxe6+ Qxe6 27. Rf6
Rxf6 28. exf6 g6 29. Rf1 Qf7 30. h4 Bc8 31. h5 Re4 32. hxg6 hxg6 33. Kg1 Bd7 34.
Rf3 Bg4 35. Rf4 Rxf4 36. Qxf4 Bf5 37. Qb8+ Kh7 38. Qh2+ Kg8 39. Qh6 Be4 40. Kf2
Bb1 41. a3 Bc2 42. b4 Be4 43. g4 Bc2 44. Qf4 Bd3 45. Qb8+ Kh7 46. Qc8 Bb1 47.
Qxa6 Bd3 48. Qd6 Kg8 49. Qd8+ Kh7 50. Kg3 1-0

[Event "European Blitz 2015"]
[Site "Minsk BLR"]
[Date "2015.12.18"]
[Round "3.18"]
[White "Sudakova, Irina"]
[Black "Grachev, Boris"]
[Result "0-1"]
[WhiteTitle "WGM"]
[BlackTitle "GM"]
[WhiteElo "2356"]
[BlackElo "2652"]
[WhiteFideId "4129903"]
[BlackFideId "4129199"]
[EventDate "2015.12.18"]
[EventType "swiss (blitz)"]

1. e4 c5 2. Ne2 Nc6 3. Nbc3 e6 4. d4 cxd4 5. Nxd4 a6 6. Be2 Qc7 7. f4 b5 8. Nxc6
dxc6 9. O-O Bb7 10. e5 Rd8 11. Qe1 Nh6 12. Bf3 Nf5 13. g4 Nd4 14. Be4 c5 15. Rf2
h5 16. g5 b4 17. Bxb7 Qxb7 18. Qe4 Qc7 19. Ne2 Nf5 20. Be3 c4 21. Ng3 Nxe3 22.
Qxe3 Bc5 23. Qe2 Bxf2+ 24. Qxf2 Qd7 25. Re1 Qd4 26. Ne4 Qxf2+ 27. Kxf2 Ke7 28.
Nd6 Rxd6 29. exd6+ Kxd6 30. Re4 Rc8 31. Rd4+ Ke7 32. Ke3 a5 33. c3 f6 34. gxf6+
gxf6 35. Ke4 Rc5 36. Ke3 Rc7 37. Ke4 bxc3 38. bxc3 Rc5 39. Ke3 Rc8 40. h4 Rc7
41. Ke4 Rc5 42. Ke3 e5 43. fxe5 Rxe5+ 44. Kf3 Rc5 45. Kf4 Ke6 46. Ke4 Rc8 47.
Kf3 Ke5 48. a4 f5 49. Ke3 Rg8 50. Rxc4 Rg3+ 51. Kf2 Rg4 52. Rc5+ Ke4 53. Rxa5
Rxh4 54. Rb5 f4 55. Rb4+ Kf5 56. a5 Rh2+ 57. Kf3 Rh3+ 58. Kf2 Rxc3 59. Ra4 Rc2+
60. Kg1 Kg4 61. Ra3 f3 62. a6 Kg3 63. Ra1 Rg2+ 64. Kh1 Rh2+ 65. Kg1 f2+ 0-1

[Event "European Blitz 2015"]
[Site "Minsk BLR"]
[Date "2015.12.18"]
[Round "3.19"]
[White "Aliyev, Rasim"]
[Black "Savchenko, Boris"]
[Result "1-0"]
[BlackTitle "GM"]
[WhiteElo "2213"]
[BlackElo "2612"]
[WhiteFideId "13401084"]
[BlackFideId "4147332"]
[EventDate "2015.12.18"]
[EventType "swiss (blitz)"]

1. e4 e6 2. d4 d5 3. e5 c5 4. c3 Bd7 5. Nf3 Qb6 6. Bd3 Nc6 7. O-O cxd4 8. cxd4
Nxd4 9. Nxd4 Qxd4 10. Nc3 a6 11. Qe2 Bc6 12. Kh1 Ne7 13. f4 Qb6 14. Be3 Qd8 15.
Bc5 g6 16. b4 h5 17. a4 Bd7 18. b5 Rc8 19. Qf2 Nf5 20. Bb6 Qe7 21. bxa6 bxa6 22.
Ne2 Bg7 23. Bxa6 Rc2 24. Bd3 Rd2 25. Rfd1 Rxd1+ 26. Rxd1 h4 27. a5 Qa3 28. Qc5
Qxc5 29. Bxc5 Bf8 30. Bb6 Bc6 31. Rc1 Kd7 32. Bxf5 gxf5 33. Nd4 Bb4 34. Rxc6 Ra8
35. Rc7+ Ke8 36. Nc6 Bc3 37. Rb7 Rc8 38. Rb8 Kd7 39. Rxc8 Kxc8 40. Nd8 d4 41.
Kg1 d3 42. Kf2 Bd2 43. Be3 Bxa5 44. Nxf7 Kd7 45. Ng5 Bc3 46. Nf3 Kc6 47. Bd2 Bb2
48. Ke3 Kd5 49. Kxd3 Ba3 50. Nxh4 Bc5 51. Nf3 Bb6 52. Ng5 Bf2 53. g3 Bg1 54. h4
Bf2 55. h5 1-0

[Event "European Blitz 2015"]
[Site "Minsk BLR"]
[Date "2015.12.18"]
[Round "3.20"]
[White "Zhigalko, Sergei"]
[Black "Narva, Mai"]
[Result "1-0"]
[WhiteTitle "GM"]
[BlackTitle "WIM"]
[WhiteElo "2655"]
[BlackElo "2048"]
[WhiteFideId "13502956"]
[BlackFideId "4500512"]
[EventDate "2015.12.18"]
[EventType "swiss (blitz)"]

1. e4 c5 2. Nf3 Nc6 3. c3 g6 4. d4 cxd4 5. cxd4 Bg7 6. Nc3 d6 7. h3 e6 8. Be3
Nge7 9. Be2 O-O 10. O-O d5 11. e5 Nf5 12. Bf4 f6 13. Qd2 fxe5 14. dxe5 a6 15.
Rac1 Bd7 16. Rfe1 Rc8 17. Bd3 Na5 18. b3 b5 19. Ne2 Nc6 20. Bb1 Qc7 21. Bxf5
Rxf5 22. Ned4 Rff8 23. Nxc6 Bxc6 24. Nd4 Qd7 25. Bh6 Bb7 26. Bxg7 Kxg7 27. Qg5
Rf7 28. Rxc8 Qxc8 29. Rc1 Qf8 30. Nxe6+ 1-0

[Event "European Blitz 2015"]
[Site "Minsk BLR"]
[Date "2015.12.18"]
[Round "3.21"]
[White "Masliakov, Mikhail"]
[Black "Ragger, Markus"]
[Result "0-1"]
[BlackTitle "GM"]
[WhiteElo "2195"]
[BlackElo "2687"]
[WhiteFideId "13503170"]
[BlackFideId "1610856"]
[EventDate "2015.12.18"]
[EventType "swiss (blitz)"]

1. d3 d5 2. g3 Nf6 3. Bg2 c6 4. Nf3 Bg4 5. Nbd2 Nbd7 6. O-O e5 7. e4 dxe4 8.
dxe4 Bc5 9. h3 Bh5 10. c3 O-O 11. Qe2 Re8 12. Kh2 Bf8 13. Re1 Nc5 14. b4 Na4 15.
Qe3 c5 16. a3 a5 17. b5 c4 18. Nxc4 Bc5 19. Qd2 Bxf3 20. Bxf3 Nxc3 21. Qxc3 Bd4
22. Qd2 Bxa1 23. Qxd8 Raxd8 24. Be3 Bd4 25. Nxa5 Bc3 26. Nxb7 Bxe1 27. Nxd8 Rxd8
28. b6 Ba5 29. Be2 Rb8 0-1

[Event "European Blitz 2015"]
[Site "Minsk BLR"]
[Date "2015.12.18"]
[Round "3.22"]
[White "Popov, Ivan RUS"]
[Black "Shpagin, Vlas"]
[Result "1-0"]
[WhiteTitle "GM"]
[BlackTitle "FM"]
[WhiteElo "2650"]
[BlackElo "2313"]
[WhiteFideId "4170350"]
[BlackFideId "4166795"]
[EventDate "2015.12.18"]
[EventType "swiss (blitz)"]

1. e4 Nf6 2. e5 Nd5 3. d4 d6 4. c4 Nb6 5. exd6 exd6 6. Bd3 g6 7. Ne2 Bg7 8. Nbc3
O-O 9. O-O Nc6 10. Be3 Nb4 11. b3 Nxd3 12. Qxd3 Bf5 13. Qd2 Re8 14. Ng3 Bd7 15.
Bg5 Bf6 16. Nce4 Bxg5 17. Nxg5 Qf6 18. N3e4 Qg7 19. Qf4 f5 20. Nc3 Re7 21. h4
Rae8 22. Rac1 Bc6 23. Rfd1 a6 24. a4 h6 25. Nf3 Kh7 26. d5 Bd7 27. a5 Nc8 28. b4
Qf6 29. c5 Bb5 30. Nd4 Bd7 31. f3 Re5 32. c6 bxc6 33. dxc6 Be6 34. b5 axb5 35.
Ndxb5 Qf7 36. a6 Nb6 37. a7 Bc4 38. Ra1 Ra8 39. Nd4 Nc8 40. Rdb1 Rxa7 41. Rxa7
Nxa7 42. Rb7 Ra5 43. Kh2 Ba6 44. Rxa7 1-0

[Event "European Blitz 2015"]
[Site "Minsk BLR"]
[Date "2015.12.18"]
[Round "3.23"]
[White "Katashuk, V"]
[Black "Bortnyk, Mykola"]
[Result "1-0"]
[WhiteTitle "FM"]
[BlackTitle "IM"]
[WhiteElo "2200"]
[BlackElo "2416"]
[WhiteFideId "13505432"]
[BlackFideId "14120836"]
[EventDate "2015.12.18"]
[EventType "swiss (blitz)"]

1. f4 d6 2. Nf3 Nf6 3. g3 Nbd7 4. Bg2 e5 5. d3 Be7 6. O-O O-O 7. Nc3 c6 8. e4 b5
9. a3 a5 10. Qe2 Rb8 11. Kh1 b4 12. axb4 axb4 13. Nd1 b3 14. c4 Re8 15. f5 d5
16. Nf2 Bc5 17. Be3 Bxe3 18. Qxe3 Qb6 19. Qg5 h6 20. Qh4 Ba6 21. Rac1 dxc4 22.
dxc4 Rbd8 23. g4 Nh7 24. g5 hxg5 25. Nxg5 Nxg5 26. Qxg5 Nf6 27. Bf3 Nh7 28. Qg3
f6 29. Rg1 Re7 30. Ng4 Kf8 31. Qh4 Qc5 32. Qxh7 Ke8 33. Rcd1 Rd4 34. Qg8+ Kd7
35. Qa8 Bxc4 36. Rxd4+ exd4 37. e5 fxe5 38. f6 Bd5 39. Qb7+ Ke6 40. Qxe7+ Qxe7
41. Bxd5+ Kxd5 1-0

[Event "European Blitz 2015"]
[Site "Minsk BLR"]
[Date "2015.12.18"]
[Round "3.24"]
[White "Kolmakov, Pavel"]
[Black "Demidov, Mikhail"]
[Result "0-1"]
[BlackTitle "IM"]
[WhiteElo "2223"]
[BlackElo "2485"]
[WhiteFideId "4142349"]
[BlackFideId "4197143"]
[EventDate "2015.12.18"]
[EventType "swiss (blitz)"]

1. e4 e6 2. d4 d5 3. Nd2 Be7 4. c3 c5 5. exd5 cxd4 6. dxe6 Bxe6 7. cxd4 Qxd4 8.
Ngf3 Qd8 9. Bb5+ Nd7 10. O-O Nf6 11. Nd4 Bd5 12. Nf5 O-O 13. Nxe7+ Qxe7 14. Re1
Qc5 15. Be2 Rfe8 16. Nb3 Qc6 17. Nd4 Qb6 18. b3 Rad8 19. Be3 Qa5 20. a3 a6 21.
b4 Qc7 22. Rc1 Qb8 23. Nf5 Nf8 24. Nd4 Be4 25. Qb3 Ng6 26. Bf3 h6 27. Bxe4 Rxe4
28. Nf3 0-1

[Event "European Blitz 2015"]
[Site "Minsk BLR"]
[Date "2015.12.18"]
[Round "3.25"]
[White "Belous, Vladimir"]
[Black "Kuznetsov, Mikhail4"]
[Result "1-0"]
[WhiteTitle "GM"]
[WhiteElo "2557"]
[BlackElo "2119"]
[WhiteFideId "4174003"]
[BlackFideId "380466"]
[EventDate "2015.12.18"]
[EventType "swiss (blitz)"]

1. c4 Nf6 2. Nc3 g6 3. e4 d6 4. d4 Bg7 5. Nf3 O-O 6. h3 Nbd7 7. Bg5 h6 8. Be3 e5
9. d5 a5 10. Be2 Nc5 11. Nd2 Ne8 12. g4 f5 13. gxf5 gxf5 14. Rg1 Kh8 15. a3 Qh4
16. Qc2 Nxe4 17. Ncxe4 fxe4 18. Qxe4 Qxe4 19. Nxe4 Nf6 20. Nxf6 Rxf6 21. Bg4 Rg6
22. Ke2 Bxg4+ 23. Rxg4 Rxg4 24. hxg4 Kh7 25. Rh1 Kg6 26. Kd3 b6 27. Ke4 Rf8 28.
Rh5 Rh8 29. b3 Bf6 30. b4 axb4 31. axb4 Bg7 32. Rh1 Ra8 33. Rb1 Ra4 34. Rb3 Bf6
35. Kf3 Bg5 36. c5 bxc5 37. bxc5 Bxe3 38. fxe3 Ra6 39. Rb7 dxc5 40. Rxc7 Ra4 41.
Rxc5 Kg5 42. d6 Kf6 43. Rd5 Ke6 44. d7 1-0

[Event "European Blitz 2015"]
[Site "Minsk BLR"]
[Date "2015.12.18"]
[Round "3.26"]
[White "Kuznetsov, Mikhail V."]
[Black "Roiz, Michael"]
[Result "0-1"]
[WhiteTitle "FM"]
[BlackTitle "GM"]
[WhiteElo "2341"]
[BlackElo "2594"]
[WhiteFideId "4194900"]
[BlackFideId "2804158"]
[EventDate "2015.12.18"]
[EventType "swiss (blitz)"]

1. d4 Nf6 2. Nf3 d5 3. c4 e6 4. g3 Bb4+ 5. Nbd2 O-O 6. Bg2 b6 7. O-O Bb7 8. Ne5
Be7 9. Qc2 c5 10. Ndf3 Nbd7 11. Nxd7 Qxd7 12. Rd1 Qc8 13. cxd5 Bxd5 14. Be3 c4
15. Ne5 b5 16. Bf4 Bxg2 17. Kxg2 Qb7+ 18. f3 Nd5 19. Bd2 Rac8 20. e4 Nb6 21. Be3
Rfd8 22. Rd2 Bb4 23. Rf2 Bd6 24. f4 f5 25. Re2 Qxe4+ 26. Qxe4 fxe4 27. Bf2 Na4
28. Rb1 c3 29. b3 Nb6 30. Rxe4 c2 31. Rc1 Ba3 32. Be3 Nd5 33. Nd3 Rc3 34. Nc5
Nxe3+ 0-1

[Event "European Blitz 2015"]
[Site "Minsk BLR"]
[Date "2015.12.18"]
[Round "3.27"]
[White "Chigaev, Maksim"]
[Black "Kuzmin, Egor"]
[Result "1-0"]
[WhiteTitle "IM"]
[BlackTitle "FM"]
[WhiteElo "2526"]
[BlackElo "2250"]
[WhiteFideId "4108116"]
[BlackFideId "24101737"]
[EventDate "2015.12.18"]
[EventType "swiss (blitz)"]

1. e4 c5 2. Nf3 d6 3. d4 cxd4 4. Qxd4 a6 5. h3 Nc6 6. Qe3 Nf6 7. c4 e6 8. Be2
Be7 9. O-O O-O 10. Nc3 Qc7 11. Rd1 b6 12. b3 Rb8 13. Bb2 Bb7 14. Rac1 Ba8 15.
Nd5 exd5 16. cxd5 Qd7 17. dxc6 Bxc6 18. Ne5 dxe5 19. Rxd7 Bxd7 20. Bxe5 Rbc8 21.
Rxc8 Rxc8 22. Bxa6 Rc2 23. Qxb6 Nxe4 24. Qb8+ Bf8 25. Bc4 Rxf2 26. Bd3 Rf5 27.
Bxe4 1-0

[Event "European Blitz 2015"]
[Site "Minsk BLR"]
[Date "2015.12.18"]
[Round "3.28"]
[White "Loy, Konstantin"]
[Black "Gunina, Valentina"]
[Result "0-1"]
[BlackTitle "GM"]
[WhiteElo "2222"]
[BlackElo "2502"]
[WhiteFideId "14122499"]
[BlackFideId "4167570"]
[EventDate "2015.12.18"]
[EventType "swiss (blitz)"]

1. e4 c5 2. Nf3 e6 3. d3 Nc6 4. g3 d6 5. Bg2 g6 6. O-O Bg7 7. c3 e5 8. Be3 Nge7
9. d4 b6 10. dxe5 dxe5 11. Qxd8+ Nxd8 12. Nbd2 Ba6 13. Rfe1 Ne6 14. Bf1 Bxf1 15.
Kxf1 O-O-O 16. Rad1 Nc6 17. Nc4 Kc7 18. a4 h6 19. Ke2 f5 20. Nh4 fxe4 21. Nxg6
Rhg8 22. Rxd8 Nexd8 23. Nh4 Nf7 24. Rd1 Ne7 25. Bc1 Bf6 26. Ng2 h5 27. Nge3 h4
28. Nd5+ Nxd5 29. Rxd5 hxg3 30. hxg3 Rh8 31. Rd1 a6 32. Ne3 Kc6 33. Nd5 Bd8 34.
c4 Nd6 35. b3 Nf5 36. Be3 Rh2 37. Rf1 Nxg3+ 38. Ke1 Nxf1 39. Kxf1 Rh1+ 40. Ke2
Rb1 41. Kd2 Rxb3 42. Kc2 Rd3 43. Nc3 Rd7 44. Nxe4 Be7 45. Nc3 Bf8 46. Ne4 b5 47.
axb5+ axb5 48. cxb5+ Kxb5 49. Kc3 c4 50. Kc2 Rf7 51. Nc3+ Kc6 52. Ne4 Bb4 53.
Ng5 Rf8 54. Ne4 Kd5 55. Ng3 Ra8 56. Kb2 Rb8 57. Kc2 Ba3 58. Nf5 Rb2+ 59. Kc3 Ra2
60. Ng3 Bb2+ 61. Kc2 Bd4+ 62. Kd1 Bxe3 63. fxe3 c3 64. Kc1 Kc4 65. Ne4 Kd3 66.
Nc5+ Kxe3 67. Kb1 Rb2+ 68. Kc1 Rh2 69. Kb1 e4 70. Kc1 Kd4 71. Ne6+ Kc4 72. Kd1
e3 73. Kc1 Rh1+ 74. Kc2 e2 0-1

[Event "European Blitz 2015"]
[Site "Minsk BLR"]
[Date "2015.12.18"]
[Round "3.29"]
[White "Rakhmanov, Aleksandr"]
[Black "Poleshchuk, Dmitriy"]
[Result "1/2-1/2"]
[WhiteTitle "GM"]
[WhiteElo "2640"]
[BlackElo "2182"]
[WhiteFideId "4173708"]
[BlackFideId "13505238"]
[EventDate "2015.12.18"]
[EventType "swiss (blitz)"]

1. c4 e5 2. Nf3 Nc6 3. d4 exd4 4. Nxd4 Nf6 5. Nxc6 bxc6 6. g3 Bb4+ 7. Bd2 Qe7 8.
Bg2 O-O 9. O-O Bxd2 10. Nxd2 Rb8 11. b3 Qc5 12. Rb1 d6 13. Nf3 d5 14. Rc1 Qb6
15. cxd5 cxd5 16. Qd4 Qa5 17. Ne5 Qxa2 18. b4 Qxe2 19. Rfe1 Qh5 20. Rxc7 a6 21.
Nc6 Ra8 22. Qc5 Bh3 23. f3 Bxg2 24. Kxg2 Rae8 25. Rxe8 Rxe8 26. Ne7+ Kh8 27. Qd6
Qh6 28. Rc2 Qe3 29. Nc6 Qe1 30. Rf2 h6 31. Qc5 Re2 32. Rxe2 Qxe2+ 33. Qf2 Qb5
34. Qc2 Kg8 35. Ne7+ Kf8 36. Qc7 Qe8 37. Nf5 Qe2+ 38. Kg1 Qe1+ 39. Kg2 Qe2+ 40.
Kg1 Qe1+ 41. Kg2 Qe2+ 42. Kg1 Qe1+ 1/2-1/2

[Event "European Blitz 2015"]
[Site "Minsk BLR"]
[Date "2015.12.18"]
[Round "3.30"]
[White "Malyshev, Roman"]
[Black "Inarkiev, Ernesto"]
[Result "0-1"]
[BlackTitle "GM"]
[WhiteElo "2131"]
[BlackElo "2668"]
[WhiteFideId "24105325"]
[BlackFideId "4162722"]
[EventDate "2015.12.18"]
[EventType "swiss (blitz)"]

1. d4 d5 2. c4 c6 3. Nf3 Nf6 4. e3 e6 5. b3 Nbd7 6. Bd3 Bd6 7. O-O Ne4 8. Bb2 f5
9. Nbd2 O-O 10. Ne5 Nxe5 11. dxe5 Bc5 12. Nf3 Qe7 13. Qc2 Bd7 14. a3 a5 15. a4
Rac8 16. Bd4 b6 17. Rac1 g5 18. Bxc5 bxc5 19. Ne1 g4 20. f3 gxf3 21. gxf3 Ng5
22. Kh1 Kh8 23. Rg1 f4 24. Qg2 h6 25. Qg4 fxe3 26. f4 Ne4 27. Bxe4 dxe4 28. Qh5
Qh7 29. Rg6 Be8 0-1

[Event "European Blitz 2015"]
[Site "Minsk BLR"]
[Date "2015.12.18"]
[Round "3.31"]
[White "Kulaots, Kaido"]
[Black "Burg, Brent"]
[Result "1-0"]
[WhiteTitle "GM"]
[WhiteElo "2574"]
[BlackElo "2230"]
[WhiteFideId "4500261"]
[BlackFideId "1019465"]
[EventDate "2015.12.18"]
[EventType "swiss (blitz)"]

1. e4 d6 2. d4 Nf6 3. Nc3 Nbd7 4. g4 h6 5. Bg2 e5 6. Nge2 Be7 7. h3 c6 8. Be3
Qc7 9. Qd2 b5 10. a3 a6 11. Ng3 Nb6 12. b3 c5 13. dxc5 dxc5 14. O-O O-O 15. Nf5
Rd8 16. Qe2 Bf8 17. g5 hxg5 18. Bxg5 Bxf5 19. exf5 Rac8 20. Bxf6 gxf6 21. Ne4
Bg7 22. Kh1 Nd5 23. Rg1 Kf8 24. Qg4 Bh6 25. Qh4 Bg7 26. Bf3 Nf4 27. Qh7 1-0

[Event "European Blitz 2015"]
[Site "Minsk BLR"]
[Date "2015.12.18"]
[Round "3.32"]
[White "Bodyakovsky, Nikita"]
[Black "Popov, Valerij"]
[Result "0-1"]
[BlackTitle "GM"]
[WhiteElo "2171"]
[BlackElo "2528"]
[WhiteFideId "13500260"]
[BlackFideId "4119410"]
[EventDate "2015.12.18"]
[EventType "swiss (blitz)"]

1. g3 d5 2. Bg2 c6 3. Nf3 Bf5 4. d3 Nf6 5. O-O e6 6. c4 Nbd7 7. Nbd2 Be7 8. a3
a5 9. b3 O-O 10. Bb2 h6 11. Qc2 Bh7 12. e4 dxe4 13. dxe4 Nc5 14. Ne5 Qb6 15. Bc3
Rfd8 16. b4 axb4 17. axb4 Na6 18. c5 Nxb4 19. cxb6 Nxc2 20. Rac1 Nd4 21. Rfe1
Ba3 22. Rb1 Nb5 23. Rxb5 cxb5 24. Nb3 Rac8 25. Bd4 Bb4 26. Re2 Bc3 27. Bxc3 Rxc3
28. Na5 Rc1+ 29. Bf1 Rdd1 30. Nxb7 Rxf1+ 31. Kg2 Bxe4+ 32. f3 Bxb7 0-1

[Event "European Blitz 2015"]
[Site "Minsk BLR"]
[Date "2015.12.18"]
[Round "3.33"]
[White "Goganov, Aleksey"]
[Black "Oblamski, Vladimir"]
[Result "1-0"]
[WhiteTitle "GM"]
[WhiteElo "2597"]
[BlackElo "2125"]
[WhiteFideId "24109959"]
[BlackFideId "13503979"]
[EventDate "2015.12.18"]
[EventType "swiss (blitz)"]

1. d4 d5 2. c4 e6 3. Nf3 a6 4. cxd5 exd5 5. Nc3 c6 6. Qc2 Bd6 7. Bg5 f6 8. Bh4
Ne7 9. e3 Bf5 10. Bd3 Bxd3 11. Qxd3 O-O 12. O-O Ng6 13. e4 Nxh4 14. Nxh4 dxe4
15. Nxe4 Be7 16. Nf5 Qd7 17. Qh3 g6 18. Qb3+ Kh8 19. Nxe7 Qxe7 20. Rfe1 Qg7 21.
Nc5 Rd8 22. Ne6 1-0

[Event "European Blitz 2015"]
[Site "Minsk BLR"]
[Date "2015.12.18"]
[Round "3.34"]
[White "Ulasevich, Sergei"]
[Black "Motylev, Alexander"]
[Result "0-1"]
[BlackTitle "GM"]
[WhiteElo "2108"]
[BlackElo "2653"]
[WhiteFideId "13505629"]
[BlackFideId "4121830"]
[EventDate "2015.12.18"]
[EventType "swiss (blitz)"]

1. e4 Nf6 2. e5 Nd5 3. g3 d6 4. exd6 cxd6 5. Bg2 Nf6 6. d4 g6 7. Nf3 Bg7 8. O-O
O-O 9. c3 Nc6 10. Bg5 h6 11. Bf4 Bf5 12. Na3 Rc8 13. Nc2 Be4 14. Qd2 e5 15. Be3
Kh7 16. Rac1 Qa5 17. a3 Qd5 18. Nce1 Na5 19. dxe5 dxe5 20. Qxd5 Nxd5 21. Nc2 Nb3
22. Nb4 Nxc1 23. Rxc1 Nxe3 24. fxe3 f5 25. Nd2 Bxg2 26. Kxg2 Rfd8 27. Nb3 b6 28.
Rc2 a5 29. Na2 Rd3 30. Kf2 h5 31. Nac1 Rd1 32. Ne2 Rcd8 33. c4 a4 0-1

[Event "European Blitz 2015"]
[Site "Minsk BLR"]
[Date "2015.12.18"]
[Round "3.35"]
[White "Landa, Konstantin"]
[Black "Filipets, Egor"]
[Result "1-0"]
[WhiteTitle "GM"]
[WhiteElo "2625"]
[BlackElo "2247"]
[WhiteFideId "4101685"]
[BlackFideId "13503928"]
[EventDate "2015.12.18"]
[EventType "swiss (blitz)"]

1. d4 g6 2. g3 Bg7 3. Bg2 d5 4. Nf3 Nf6 5. O-O O-O 6. Nbd2 Nbd7 7. b3 c5 8. Bb2
Ne4 9. c4 Nxd2 10. Qxd2 dxc4 11. bxc4 cxd4 12. Nxd4 Nc5 13. Rfd1 Bd7 14. Nb3 Bc6
15. Nxc5 Bxg2 16. Kxg2 Qxd2 17. Rxd2 Rfc8 18. Bxg7 Rxc5 19. Bh6 Rxc4 20. Rd7 Re4
21. Rxb7 Rxe2 22. Be3 1-0

[Event "European Blitz 2015"]
[Site "Minsk BLR"]
[Date "2015.12.18"]
[Round "3.36"]
[White "Cherepov, Alexej"]
[Black "Huzman, Alexander"]
[Result "0-1"]
[BlackTitle "GM"]
[WhiteElo "2174"]
[BlackElo "2581"]
[WhiteFideId "13503650"]
[BlackFideId "2803828"]
[EventDate "2015.12.18"]
[EventType "swiss (blitz)"]

1. d4 Nf6 2. c4 e6 3. g3 d5 4. Bg2 Bb4+ 5. Bd2 Be7 6. Nf3 O-O 7. O-O Nbd7 8. Qc2
c6 9. Rd1 b6 10. Bf4 Bb7 11. Nc3 Nh5 12. Be3 Nhf6 13. Rac1 dxc4 14. Nd2 Nd5 15.
Nxc4 Nxe3 16. Nxe3 Rc8 17. Nc4 b5 18. Ne5 Nxe5 19. dxe5 Qc7 20. f4 Qb6+ 21. Kh1
c5 22. Ne4 Bxe4 23. Bxe4 g6 24. Rd7 Rc7 25. Rcd1 c4 26. Kg2 Rfc8 27. h4 Rxd7 28.
Rxd7 Rc7 29. Qd2 Kg7 30. h5 gxh5 31. f5 exf5 32. Bf3 b4 33. Rxc7 Qxc7 34. Qf4 c3
35. Qxf5 c2 36. Be4 Kf8 37. Qxh7 Qxe5 38. Bxc2 Qxe2+ 39. Kh3 Qg4+ 40. Kg2 Bd6
41. Qd3 Be5 42. b3 h4 43. Bd1 Qxg3+ 44. Qxg3 Bxg3 45. Bf3 Ke7 46. Bc6 Kd6 47.
Ba4 Ke5 48. Kf3 Kd4 49. Kg2 Kc3 50. Kf3 Kb2 51. Kg2 Kxa2 52. Kf3 Kb2 53. Kg2 Kc3
54. Kf3 Kd4 55. Bd7 a5 56. Bc6 f5 57. Kg2 Ke3 58. Bb5 f4 59. Bc6 Kd3 60. Bb5+
Kd2 61. Bc6 Ke3 62. Bd5 Be1 63. Bc6 Bc3 64. Bb7 a4 65. bxa4 b3 66. Bd5 b2 67.
Ba2 Kd2 68. Kf3 h3 69. Kf2 Kc1 0-1

[Event "European Blitz 2015"]
[Site "Minsk BLR"]
[Date "2015.12.18"]
[Round "3.37"]
[White "Dzhumagaliev, Yan"]
[Black "Eidelson, Rakhil"]
[Result "0-1"]
[WhiteTitle "FM"]
[BlackTitle "WGM"]
[WhiteElo "2400"]
[BlackElo "2106"]
[WhiteFideId "24100110"]
[BlackFideId "13500210"]
[EventDate "2015.12.18"]
[EventType "swiss (blitz)"]

1. d4 Nf6 2. c4 c5 3. d5 b5 4. cxb5 a6 5. b6 Qxb6 6. Nc3 d6 7. Nf3 g6 8. h3 Bg7
9. e4 O-O 10. Be2 a5 11. O-O Nbd7 12. Nd2 Ne5 13. f4 Ned7 14. Bb5 Ba6 15. Nc4
Qc7 16. a4 Bxb5 17. Nxb5 Qb7 18. Qe1 Nb6 19. Nxa5 Rxa5 20. Qxa5 Nxe4 21. Re1 Ra8
22. Qxa8+ Qxa8 23. Rxe4 Nxd5 24. Re1 Qb7 25. Ra3 Nb4 26. Rae3 Bf6 27. R1e2 Qd5
28. Rd2 Qc4 29. Nc3 d5 30. Re1 Nd3 31. Red1 Nxc1 32. Rxc1 Bd4+ 33. Kh1 Be3 34.
Ne2 Qxa4 35. Rxd5 Bxc1 36. Nxc1 Qc4 37. Rd8+ Kg7 38. Nd3 Qc2 39. Rd7 c4 40. Nc5
Qc1+ 41. Kh2 Qxf4+ 42. Kh1 Qc1+ 43. Kh2 Qxb2 44. Rxe7 Qd2 45. Ne4 Qd4 46. Kh1 c3
47. Ng5 Qf6 0-1

[Event "European Blitz 2015"]
[Site "Minsk BLR"]
[Date "2015.12.18"]
[Round "3.38"]
[White "Zubritskiy, Artyom"]
[Black "Valov, Ilya"]
[Result "1-0"]
[WhiteTitle "FM"]
[BlackTitle "FM"]
[WhiteElo "2422"]
[BlackElo "2228"]
[WhiteFideId "4181247"]
[BlackFideId "4199251"]
[EventDate "2015.12.18"]
[EventType "swiss (blitz)"]

1. d4 Nf6 2. Nf3 c5 3. dxc5 e6 4. e3 Bxc5 5. c4 O-O 6. a3 d5 7. Qc2 b6 8. Nbd2
Bb7 9. Bd3 dxc4 10. Nxc4 Nbd7 11. b4 Be7 12. Bb2 Rc8 13. Qe2 Qc7 14. O-O Be4 15.
Rac1 Bxd3 16. Qxd3 Rfd8 17. Qb3 Qb7 18. Rfd1 Nf8 19. Rxd8 Rxd8 20. Nce5 Qd5 21.
Qxd5 Nxd5 22. Nc6 Rc8 23. e4 Rxc6 24. Rxc6 Nf4 25. Rc7 Bd6 26. Rxa7 Nd3 27. Bd4 1-0